Statistics for Countries With Most Cats

Click here to take the quiz!

General Stats

  • This quiz has been taken 1,063 times
  • The average score is 12 of 15

Answer Stats

CatsAnswer% Correct
53,100,000China
96%
76,430,000USA
93%
7,700,000UK
91%
12,700,000Russia
89%
9,600,000France
87%
7,000,000Germany
85%
7,300,000Japan
84%
6,811,000Canada
83%
3,193,000India
82%
3,191,000Spain
80%
9,400,000Italy
77%
12,466,000Brazil
76%
5,465,000Poland
56%
7,350,000Ukraine
45%
4,331,000Vietnam
26%

Score Distribution

Percentile by Number Answered

Percent of People with Each Score

Your Score History

You have not taken this quiz